000 00795nam a2200217Ia 4500
003 GCL
008 140319s9999 xx 000 0 ara d
040 _aGCL /
_cGCL
082 0 4 _a956.9
_bم ق
100 1 _aممدوح نوفل
245 1 0 _aقصة اتفاق اوسلو: الرواية الحقيقية الكاملة (طبخة اوسلو) /
_cممدوح نوفل
300 _a377 ص
490 _aالهيئة العامة للاستعلامات
_v0
650 0 4 _aالنزاع العربى الاسرائيلى
650 0 4 _aالولايات المتحدة الامريكية
650 0 4 _aالقضية الفلسطينية
650 0 4 _aاتفاقية اوسلو
650 0 4 _aالمفاوضات الدولية
650 0 4 _aالمشكلة الفلسطينية
942 _2ddc
_cBK
999 _c49107
_d49107